Financial Analysis with Microsoft® Excel® 2016 (Record no. 47246)

MARC details
000 -LEADER
fixed length control field 00913nam a22002057a 4500
005 - DATE AND TIME OF LATEST TRANSACTION
control field 20260209131925.0
008 - FIXED-LENGTH DATA ELEMENTS--GENERAL INFORMATION
fixed length control field 260209b |||||||| |||| 00| 0 eng d
020 ## - INTERNATIONAL STANDARD BOOK NUMBER
International Standard Book Number 9789355738073
040 ## - CATALOGING SOURCE
Transcribing agency VITAP
082 ## - DEWEY DECIMAL CLASSIFICATION NUMBER
Edition number 23rd Ed.
Classification number 658.403 MAY
100 ## - MAIN ENTRY--PERSONAL NAME
Personal name Mayes, Timothy R.
9 (RLIN) 17012
245 ## - TITLE STATEMENT
Title Financial Analysis with Microsoft® Excel® 2016
Statement of responsibility, etc. / Timothy R. Mayes and Todd M. Shank
250 ## - EDITION STATEMENT
Edition statement 8th Ed.
260 ## - PUBLICATION, DISTRIBUTION, ETC.
Place of publication, distribution, etc. New Delhi
Name of publisher, distributor, etc. Cengage Learning India Pvt. Ltd.
Date of publication, distribution, etc. 2025
300 ## - PHYSICAL DESCRIPTION
Extent xx, 540p. : ill. ; 25cm
500 ## - GENERAL NOTE
General note It includes Index Pages.
650 #0 - SUBJECT ADDED ENTRY--TOPICAL TERM
Topical term or geographic name entry element Electronic spreadsheets; Management science--Computer simulation; Operations research--Computer simulation; Decision making--Data processing; Decision making--Computer simulation; Decision support systems--Computer programs; Management--Data processing; Management--Mathematical models
9 (RLIN) 17013
700 ## - ADDED ENTRY--PERSONAL NAME
Personal name Shank, Todd M.
9 (RLIN) 17014
942 ## - ADDED ENTRY ELEMENTS (KOHA)
Source of classification or shelving scheme Dewey Decimal Classification
Koha item type Text Book
Holdings
Withdrawn status Lost status Source of classification or shelving scheme Materials specified (bound volume or other part) Damaged status Not for loan Collection code Home library Current library Shelving location Date acquired Source of acquisition Cost, normal purchase price Inventory number Total Checkouts Full call number Barcode Date last seen Cost, replacement price Price effective from Koha item type Public note
    Dewey Decimal Classification Paper Back     Reference School of Business & General Section VIT-AP Reference 2026-01-31 Syamala Book Links, Visakhapatnam 910.00 SBL151   658.403 MAY 025412 2026-02-09 910.00 2026-01-31 Reference Book MGT
    Dewey Decimal Classification Paper Back       School of Business & General Section VIT-AP General Stacks 2026-01-31 Syamala Book Links, Visakhapatnam 910.00 SBL151   658.403 MAY 025413 2026-02-09 910.00 2026-01-31 Text Book MGT
    Dewey Decimal Classification Paper Back       School of Business & General Section VIT-AP General Stacks 2026-01-31 Syamala Book Links, Visakhapatnam 910.00 SBL151   658.403 MAY 025414 2026-02-09 910.00 2026-01-31 Text Book MGT

Visitor Number: